5HLuxD.jpg

KING HENRY VIII SENIOR AND PRIMARY SCHOOL LIBRARY OPAC

Effective academic writing / (Record no. 2735)

000 -LEADER
fixed length control field 01227cam a2200301 a 4500
001 - CONTROL NUMBER
control field 005974501
003 - CONTROL NUMBER IDENTIFIER
control field OSt
005 - DATE AND TIME OF LATEST TRANSACTION
control field 20230818091823.0
008 - FIXED-LENGTH DATA ELEMENTS--GENERAL INFORMATION
fixed length control field 120803s2012 nyua 000 0 eng d
020 ## - INTERNATIONAL STANDARD BOOK NUMBER
International Standard Book Number 0194323455
Qualifying information (pbk.)
020 ## - INTERNATIONAL STANDARD BOOK NUMBER
International Standard Book Number 9780194323482
Qualifying information (pbk.;
-- v.3)
035 ## - SYSTEM CONTROL NUMBER
System control number (OCoLC)804049392
Canceled/invalid control number (OCoLC)804049394
-- (OCoLC)804049395
-- (OCoLC)804049397
040 ## - CATALOGING SOURCE
Original cataloging agency YDXCP
Language of cataloging eng
Transcribing agency YDXCP
Modifying agency BTCTA
-- OCLCQ
-- OBE
-- NCHU
-- KH8
042 ## - AUTHENTICATION CODE
Authentication code nbic
082 0# - DEWEY DECIMAL CLASSIFICATION NUMBER
Classification number 808.042 LIS
100 1# - MAIN ENTRY--PERSONAL NAME
Personal name Liss, Rhonda,
Relator term author.
245 10 - TITLE STATEMENT
Title Effective academic writing /
Statement of responsibility, etc. Rhonda Liss.
250 ## - EDITION STATEMENT
Edition statement 2nd ed.
260 ## - PUBLICATION, DISTRIBUTION, ETC.
Place of publication, distribution, etc. New York :
Name of publisher, distributor, etc. Oxford University Press,
Date of publication, distribution, etc. c2012.
300 ## - PHYSICAL DESCRIPTION
Extent 3 v. :
Other physical details ill. (some col.) ;
Dimensions 28 cm.
500 ## - GENERAL NOTE
General note "Includes student online access code"--Cover.
505 0# - FORMATTED CONTENTS NOTE
Formatted contents note Intro : developing ideas / Alice Savage -- bk. 1. The paragraph / Alice Savage, Masoud Shafiei -- bk. 2. The short essay / Alice Savage, Patricia Mayer -- bk. 3. The researched essay / Rhonda Liss, Jason Davis.
650 #0 - SUBJECT ADDED ENTRY--TOPICAL TERM
Topical term or geographic name entry element English language
General subdivision Rhetoric
Form subdivision Problems, exercises, etc.
650 #0 - SUBJECT ADDED ENTRY--TOPICAL TERM
Topical term or geographic name entry element Essay
General subdivision Authorship
Form subdivision Problems, exercises, etc.
650 #0 - SUBJECT ADDED ENTRY--TOPICAL TERM
Topical term or geographic name entry element Report writing
Form subdivision Problems, exercises, etc.
700 ## - ADDED ENTRY--PERSONAL NAME
Personal name Davis, Jason,
Relator term author.
942 ## - ADDED ENTRY ELEMENTS (KOHA)
Source of classification or shelving scheme
Koha item type Teaching Resources
Holdings
Withdrawn status Lost status Source of classification or shelving scheme Damaged status Not for loan Collection code Permanent Location Current Location Shelving location Date acquired Total Checkouts Full call number Barcode Date due Date last seen Date last checked out Price effective from Koha item type
          Teaching Resources KH8 Senior School Library KH8 Senior School Library Staff Office 2023-08-18 1 808.042 LIS TRKHSL002109 2025-07-04 2024-11-07 2024-11-07 2023-08-18 Teaching Resources
          Teaching Resources KH8 Senior School Library KH8 Senior School Library Staff Office 2023-08-18 1 808.042 LIS TRKHSL002110 2025-07-04 2024-11-07 2024-11-07 2023-08-18 Teaching Resources

Powered By KH8 IT Dept